The Effect of Court-Ordered Hiring Quotas on the Composition and Quality of Police

Guardado en:  
Detalles Bibliográficos
Autor principal: McCrary, Justin (Autor)
Tipo de documento: Electrónico Artículo
Lenguaje:Inglés
Publicado: National Bureau of Economic Research 2006
En:Enthalten in: NBER Working Paper Series
Acceso en línea: Volltext (kostenfrei)
Volltext (lizenzpflichtig)
Volltext (lizenzpflichtig)
Verificar disponibilidad: HBZ Gateway

MARC

LEADER 00000caa a22000002c 4500
001 1912528231
003 DE-627
005 20250124054941.0
007 cr uuu---uuuuu
008 241217s2006 xx |||||o 00| ||eng c
024 7 |a 10.3386/w12368  |2 doi 
035 |a (DE-627)1912528231 
035 |a (DE-599)KXP1912528231 
040 |a DE-627  |b ger  |c DE-627  |e rda 
041 |a eng 
084 |a 2,1  |2 ssgn 
100 1 |a McCrary, Justin  |e VerfasserIn  |0 (DE-588)130561010  |0 (DE-627)503823880  |0 (DE-576)298268809  |4 aut 
109 |a McCrary, Justin  |a MacCrary, Justin  |a Mc Crary, Justin  |a Crary, Justin Mc  |a McCrary, Justin Reed  |a Reed McCrary, Justin 
245 1 4 |a The Effect of Court-Ordered Hiring Quotas on the Composition and Quality of Police 
264 1 |b National Bureau of Economic Research  |c 2006 
336 |a Text  |b txt  |2 rdacontent 
337 |a Computermedien  |b c  |2 rdamedia 
338 |a Online-Ressource  |b cr  |2 rdacarrier 
773 0 8 |i Enthalten in  |t NBER Working Paper Series 
856 4 0 |u https://doi.org/10.3386/w12368  |x Resolving-System  |z kostenfrei  |3 Volltext  |7 0 
856 4 0 |u http://www.nber.org/papers/w12368  |x Verlag  |z lizenzpflichtig  |3 Volltext  |7 1 
856 4 0 |u http://www.nber.org/papers/w12368.pdf  |q application/pdf  |x Verlag  |z lizenzpflichtig  |3 Volltext  |7 1 
935 |a mkri 
951 |a AR 
ELC |a 1 
LOK |0 000 xxxxxcx a22 zn 4500 
LOK |0 001 4637493730 
LOK |0 003 DE-627 
LOK |0 004 1912528231 
LOK |0 005 20241217044357 
LOK |0 008 241217||||||||||||||||ger||||||| 
LOK |0 035   |a (DE-2619)ICPSR127881 
LOK |0 040   |a DE-2619  |c DE-627  |d DE-2619 
LOK |0 092   |o n 
LOK |0 852   |a DE-2619 
LOK |0 852 1  |9 00 
LOK |0 935   |a uvkn  |a nacp 
LOK |0 939   |a 17-12-24  |b l01 
OAS |a 1 
ORI |a SA-MARC-krimdoka001.raw